| 000 | 00000nam 2200000zi 4500 |
| 001 | 9.826820 |
| 003 | CaOODSP |
| 005 | 20250319091455 |
| 006 | m o d f |
| 007 | cr ||||||||||| |
| 008 | 161102s1913 onc o f001 0 eng d |
| 040 | |aCaOODSP|beng|erda|cCaOODSP |
| 043 | |an-cn--- |
| 086 | 1 |aZ1-1911/3E-PDF |
| 110 | 1 |aCanada.|bCommission to Inquire into the Public Service, |eauthor, |eissuing body. |
| 245 | 10|aPublic Service Commission, 1912 : |breport of the Commissioners. |
| 264 | 1|aOttawa : |bC. H. Parmelee, the King's Printer, |c1913. |
| 300 | |a1 online resource (3 volumes) |
| 336 | |atext|btxt|2rdacontent |
| 337 | |acomputer|bc|2rdamedia |
| 338 | |aonline resource|bcr|2rdacarrier |
| 500 | |aIssued also in French under title: Service public 1912 : rapport des commissionnaires. |
| 500 | |aHistorical publication digitized by the Privy Council Office of Canada. |
| 500 | |aDigitized edition from print [produced by Government of Canada Publications Directorate]. |
| 500 | |aChairman: Alfred Bishop Morine; commissioners: Guillaume Narcisse Ducharme and Richard Stuart Lake. |
| 500 | |a"3 George V. Sessional Paper No. 57. A. 1913." |
| 500 | |a"Printed by order of Parliament." |
| 500 | |aIncludes indexes. |
| 500 | |a"Vols. II and III contain Evidence relative to the above reports" -- Vol. I table of content. |
| 650 | 0|aPublic administration|zCanada. |
| 650 | 0|aCivil service|zCanada. |
| 700 | 1 |aMorine, Alfred Bishop. |
| 710 | 1 |aCanada. |bPrivy Council Office, |eissuing body. |
| 775 | 08|tService public, 1912 : |w(CaOODSP)9.826824 |
| 856 | 40|qPDF|s3.47 MB|uhttps://publications.gc.ca/collections/collection_2016/bcp-pco/Z1-1911-3-1-eng.pdf|zVolume I. Report of the commissioners |
| 856 | 40|qPDF|s10.87 MB|uhttps://publications.gc.ca/collections/collection_2016/bcp-pco/Z1-1911-3-2-eng.pdf|zSub-report re Sorel Ship Yard, No. 1 |
| 856 | 40|qPDF|s5.31 MB|uhttps://publications.gc.ca/collections/collection_2016/bcp-pco/Z1-1911-3-3-eng.pdf|zSub-report re Sorel Ship Yard - No. 2 |
| 856 | 40|qPDF|s6.57 MB|uhttps://publications.gc.ca/collections/collection_2016/bcp-pco/Z1-1911-3-4-eng.pdf|zSpecial reports on dredging |
| 856 | 40|qPDF|s48584 KB|uhttps://publications.gc.ca/collections/collection_2024/bcp-pco/Z1-1911-3-5-eng.pdf|zVol. II. Evidence re Report of the commissioners |
| 856 | 40|qPDF|s31784 KB|uhttps://publications.gc.ca/collections/collection_2024/bcp-pco/Z1-1911-3-6-eng.pdf|zVol. III. Evidence re Report of the commissioners |